Wyjątki Futur Simple - Statystyki

Ogólne statystyki
  • Ten quiz został rozwiązany 47 razy
    46 od ostatniego zresetowania
  • Średni wynik to 9 z 12
Statystyki odpowiedzi
Hint Odpowiedź % Poprawnych
avoir aur
100%
aller ir
100%
etre ser
92%
devoir devr
83%
faire fer
83%
recevoir recevr
75%
voir verr
75%
pouvoir pourr
67%
savoir saur
58%
venir viendr
58%
falloir faudr
42%
vouloir voudr
42%
Nie znaleziono quizów pasujących do podanych kryteriów
Rozkład punktacji
Procent ludzi z każdym wynikiem
Percentyl według liczby udzielonych odpowiedzi
Twoja historia wyników
Nie rozwiązałeś tego quizu od ostatniego zresetowania